000 00289nam a2200109Ia 4500
008 230724s1999 xx und d
041 _aeng
100 _aLITTLEWOOD M.
245 _aLANDSCAPE DETAILING VOLL- I ENCLOSURE IIIRD EDTION.
260 _bC.B.S PUBLISHERS
_c1999
300 _a193
999 _c1171477
_d1171477